Normal view
MARC view
- Construction contracts.
Entry Topical Term
001 - CONTROL NUMBER
- control field: 13143
003 - CONTROL NUMBER IDENTIFIER
- control field: NUST
005 - DATE AND TIME OF LATEST TRANSACTION
- control field: 20190123140456.0
008 - FIXED-LENGTH DATA ELEMENTS
- fixed length control field: 190123|| aca||aabn | a|a d
040 ## - CATALOGING SOURCE
- Original cataloging agency: NUST
- Transcribing agency: NUST
150 ## - HEADING--TOPICAL TERM
- Topical term or geographic name entry element: Construction contracts.
670 ## - SOURCE DATA FOUND
- Source citation: Work cat.: (NUST)0: Clough, Richard H. (Richard Hudson) 13141, Construction Contracting :, c2005.
